000
00307nam a2200085Ia 4500
008
170516s9999 xx 000 0 und d
260
_b
Journal of Radiology s (up to 11:1 January 2017)
650
_x
RADIOLOGIC TECHNOLOGY
856
_u
http://www.radiologycases.com/index.php/radiologycases/issue/view/121/showToc
999
_c
333092
_d
333092